<?xml version="1.0" encoding="UTF-8"?>
<record
    xmlns:xsi="http://www.w3.org/2001/XMLSchema-instance"
    xsi:schemaLocation="http://www.loc.gov/MARC21/slim http://www.loc.gov/standards/marcxml/schema/MARC21slim.xsd"
    xmlns="http://www.loc.gov/MARC21/slim">

  <leader>00679njm a22001697a 4500</leader>
  <controlfield tag="005">20220720143743.0</controlfield>
  <controlfield tag="008">190301b        xxu||||| |||| 00| 0 spa d</controlfield>
  <datafield tag="041" ind1=" " ind2=" ">
    <subfield code="a">spa</subfield>
  </datafield>
  <datafield tag="245" ind1=" " ind2=" ">
    <subfield code="a">Bailes de sal&#xF3;n latinos paso a paso: Samba</subfield>
  </datafield>
  <datafield tag="260" ind1=" " ind2=" ">
    <subfield code="b">Naimara Producciones</subfield>
  </datafield>
  <datafield tag="300" ind1=" " ind2=" ">
    <subfield code="a">1 CD-ROM</subfield>
  </datafield>
  <datafield tag="300" ind1=" " ind2=" ">
    <subfield code="a">55:59 minutos</subfield>
  </datafield>
  <datafield tag="505" ind1=" " ind2=" ">
    <subfield code="a">1. Brasil.
2. Copacabana.
3. Beach Samba.
4. Samba do veloso.
5. Samba de uma nota.
6. Samba nao brinqueno.
7. Agua de beber.
8. Samba en paz.
9. Escolas de Bahia.
10. Casa Samba.
11. Disco Samba.
12. The girl of Ipanema.
13. Carnaval, carnaval.</subfield>
  </datafield>
  <datafield tag="650" ind1=" " ind2=" ">
    <subfield code="a">M&#xDA;SICA POPULAR</subfield>
    <subfield code="9">7685</subfield>
  </datafield>
  <datafield tag="650" ind1=" " ind2=" ">
    <subfield code="a">SAMBA (M&#xDA;SICA)</subfield>
    <subfield code="9">52486</subfield>
  </datafield>
  <datafield tag="942" ind1=" " ind2=" ">
    <subfield code="c">MU</subfield>
  </datafield>
  <datafield tag="999" ind1=" " ind2=" ">
    <subfield code="c">11690</subfield>
    <subfield code="d">11690</subfield>
  </datafield>
  <datafield tag="952" ind1=" " ind2=" ">
    <subfield code="0">0</subfield>
    <subfield code="1">0</subfield>
    <subfield code="4">0</subfield>
    <subfield code="7">0</subfield>
    <subfield code="a">BACB</subfield>
    <subfield code="b">BACB</subfield>
    <subfield code="d">2019-03-01</subfield>
    <subfield code="l">0</subfield>
    <subfield code="o">59 DC</subfield>
    <subfield code="p">59DC</subfield>
    <subfield code="r">2019-03-01 00:00:00</subfield>
    <subfield code="w">2019-03-01</subfield>
    <subfield code="y">MU</subfield>
  </datafield>
</record>
